000 00454nam a2200169 i 4500
001 bg
100 1 _aBEREZOWSKI, Eustachy
245 0 _aVadamecum technicznych środków kształcenia /
_cE. Berezowski, H. Lisiecka, R. Ostrowski.
260 _aWarszawa,
_c1982.
700 1 _aLISIECKA, Halina
700 1 _aOSTROWSKI, Ryszard
040 _cBPK
041 _apol
080 _a371.64/.69
942 _cKS
008 s pl f |000 0 pol
999 _c20271
_d20271
856 _uhttp://koha.tu.koszalin.pl/cgi-bin/koha/opac-detail.pl?biblionumber=20271
_yKatalog online BPK